| 000 | 00522nam a22001577a 4500 | ||
|---|---|---|---|
| 999 |
_c534749 _d534749 |
||
| 020 | _qHard Cover. | ||
| 082 | _a004 | ||
| 100 | _aKHAN, AZMAT ALI. | ||
| 245 |
_aQUALITATIVE AND QUANTITATIVE MODELING OF INSULIN SIGNALING PATHWAY / _cAZMAT ALI KHAN. |
||
| 260 |
_aIslmabad : _bRCMS - NUST, _c2014. |
||
| 300 |
_ax, 52 p. ill. : _c30cm. |
||
| 942 |
_2ddc _cTHE |
||
| 650 |
_aComputional Science & Engineering - MS Thesis. _929086 |
||
| 700 |
_aDr. Jamil Ahmad. _920158 |
||